Amelia Peabody's Egypt : a compendium /
Main Author:
Other Authors: ,
Format: Book
Language: English
Published:
New York :
Morrow,
2003.
Subjects:
Tags: Add Tag
Call Number: PS3563 .E747 Z56
| LEADER | 00772nam a22002297a 4500 | ||
|---|---|---|---|
| 003 | OSt | ||
| 005 | 20260512085346.0 | ||
| 008 | 260512t2003 nyua |||||||||| ||eng|| | ||
| 020 | |a 9780060538118 | ||
| 050 | 1 | 4 | |a PS3563 .E747 |b Z56 |
| 100 | 1 | |a Elizabeth Peters. |d author | |
| 245 | 1 | 0 | |a Amelia Peabody's Egypt : |b a compendium / |c Elizabeth Peters. |
| 264 | 1 | |a New York : |b Morrow, |c 2003. | |
| 300 | |a 334 page : |b illustrations ; |c 29 cm. | ||
| 650 | 4 | |a Antiquities in literature | |
| 650 | 4 | |a Criticism, interpretation, etc | |
| 650 | 4 | |a Detective and mystery stories, American History and criticism | |
| 650 | 4 | |a Egyptology Great Britain Miscellanea | |
| 700 | 1 | |a Peters, Elizabeth |d editor | |
| 700 | 1 | |a Whitbread, Kristen. |d editor | |
| 942 | |2 lcc |c BK | ||
| 999 | |c 60941 |d 60941 | ||
